000 00538nam a2200169 4500
001 135810
003 ES-MaACL
005 20230906194949.0
007 t|
008 070214s1964 sp r ||||1| spa d
100 1 _aRuiz Ayúcar, Eduardo.
_9100663
245 1 0 _aSepulcros artísticos de Avila /
_cpor Eduardo Ruiz Ayúcar.
260 _aAvila :
_bDiputación Provincial,
_c1964.
300 _a167 p., 1 lám. :
_bil. ;
_c24 cm.
710 2 _aAvila (Provincia).
_bDiputación Provincial.
_92075
852 _aES-MaACL
_jC-27184
_bR.54763
999 _c135810
_d135810